000 00292nam a2200109Ia 4500
008 190216s9999||||xx |||||||||||||| ||und||
100 _aWilfred Beckerman
245 0 _aIntroduction To National Income Analysis
260 _bEnglish Language Book Society
_c1976
300 _a 308p
942 _cBK
999 _c11545
_d11545